000 00525nam a2200181Ia 4500
003 GCL
008 140319s9999 xx 000 0 ara d
040 _aGCL /
_cGCL
082 0 4 _a111.85
_bم ف
100 1 _aمجاهد عبدالمنعم مجاهد
245 1 0 _aفلسفة الفن الجميل /
_cمجاهد عبدالمنعم مجاهد
300 _a139 ص
490 _aالسلسلة الثقافية
_v0
650 0 4 _aالفلسفة
650 0 4 _aالفن
650 0 4 _aالجمال - علم
942 _2ddc
_cBK
999 _c45627
_d45627